Clic Mort(e) jeune ou mort(e) vieux (vieille) (2) - Statistiques

Statistiques générales
  • Ce quiz a été pris 11 fois
  • Le résultat moyen est 4 sur 25
Statistiques - réponses
Hint Explanation Réponse % Correct
Marilyn Monroe 36 ans
56%
Jean Moulin 44 ans
56%
Daniel Balavoine 33 ans
33%
Victor Hugo 83 ans
33%
Nelson Mandela 95 ans
33%
Vincent Van Gogh 37 ans
22%
Jules César 55 ans
22%
Georges Brassens 60 ans
22%
Marie Curie 66 ans
22%
Winston Churchill 90 ans
22%
Ronald Reagan 93 ans
22%
Abraham Lincoln 56 ans
11%
Georges Pompidou 62 ans
11%
Jean de La Fontaine 73 ans
11%
Jean-Paul Sartre 74 ans
11%
Albert Einstein 76 ans
11%
Coco Chanel 87 ans
11%
Michel-Ange 88 ans
11%
Vercingétorix Date de naissance incertaine Au moins 36 ans
11%
René Descartes 63 ans
0%
Napoléon III 64 ans
0%
Salvador Allende 65 ans
0%
Camille Claudel 78 ans
0%
Françoise Dolto 79 ans
0%
Eugénie de Montijo 94 ans
0%
Aucun quiz correspondant
Distribution des résultats
% des personnes avec chaque résultat
Percentile par nombre de réponses
Votre historique - résultats
Vous n’avez pas pris ce quiz